ACM Computing Reviews

Enregistré dans:
Détails bibliographiques
Format: Publication en série
Publié: 2001
Tags: Ajouter un tag
Pas de tags, Soyez le premier à ajouter un tag!

MARC

LEADER 00000nas a22000003a 4500
001 stu74641
005 20141121224546.0
008 020306s2001----------------------------d
040 |a STU  |b slo 
041 0
245 |a ACM Computing Reviews 
260 |c 2001 
500 |a 1-12 
500 |a 12 
773 0 |t ACM Computing Reviews :  |w stu_us_cat*stu59590  |x 0010-4884  |7 nnas 
996 |d Vol. 42, 2001  |v Vol. 42  |y 2001  |l EE0103  |s A  |a 24  |w stu74641_0001